Atestace v chemickém průmyslu SSSR.

Skúsenosti s uplatňovaním atestácie ako komplexnej racionalizačnej metódy v chemickom priemysle ZSSR. Úspora pracovných síl a likvidácia zastaralých zariadení podmienené atestáciou. Faktory hodnotené pri atestácii jednotlivých pracovísk.

Salvato in:
Dettagli Bibliografici
Autore principale: Klimečková, J.
Natura: Capitolo di libro
Lingua:ceco
Soggetti:
Tags: Aggiungi Tag
Nessun Tag, puoi essere il primo ad aggiungerne!!

MARC

LEADER 00000naa a2200000 4500
001 r003207
005 20220819180706.7
041 0 |a cze 
044 |a [CS] 
245 1 0 |a Atestace v chemickém průmyslu SSSR.  |c J. Klimečková 
520 |a Skúsenosti s uplatňovaním atestácie ako komplexnej racionalizačnej metódy v chemickom priemysle ZSSR. Úspora pracovných síl a likvidácia zastaralých zariadení podmienené atestáciou. Faktory hodnotené pri atestácii jednotlivých pracovísk. 
610 2 0 |a priemysel chemický 
610 2 0 |a ZSSR 
610 2 0 |a prostredie pracovné 
610 2 0 |a pracovisko 
610 2 0 |a úspory pracovníkov 
610 2 0 |a atestácia 
100 1 |a Klimečková, J.